000 00907nam a2200241 i 4500
001 10108
003 ES-MaACL
005 20250830011646.0
007 t|
008 950213s1988 sp ||||1| spa d
020 _a84-85646-32-0
080 _a657.6:621-52(061.3)
080 _a621-52(061.3):657.6
111 2 _aCongreso Iberoamericano de Informática y Auditoría (
_n1º.
_d1987.
_cSan Juan, Puerto Rico)
_9392
245 1 0 _aI Congreso Iberoamericano de Informática y Auditoría
_b: [actas].
260 _aMadrid :
_bCREI, Centro Regional del IBI para la Enseñanza de la Informática,
_cD.L. 1988.
300 _aIV, 513 p. ;
_c25 cm.
504 _aBibliografía.
650 1 4 _aAuditoría-
_xProceso de datos-
_vCongresos y asambleas.
_910416
710 2 _aCentro Regional para la Enseñanza de la Informática (Madrid)
_92784
852 _aES-MaACL
_jL-17602
_bR.121247
999 _c10108
_d10108